Southern postcolonialisms: (Record no. 27757)
[ view plain ]
| 000 -LEADER | |
|---|---|
| fixed length control field | 03229nam a22004215a 4500 |
| 005 - DATE AND TIME OF LATEST TRANSACTION | |
| control field | 20090622140210.0 |
| 008 - FIXED-LENGTH DATA ELEMENTS--GENERAL INFORMATION | |
| fixed length control field | 081028s2009 wau 000 0 eng |
| 010 ## - LCCN (DPL NO) | |
| LC control number | ENG-94167 |
| 020 ## - INTERNATIONAL STANDARD BOOK NUMBER | |
| International Standard Book Number | 9780415480253 |
| Terms of availability | 650.00 |
| 035 ## - SYSTEM CONTROL NUMBER | |
| System control number | EN-77700 |
| 035 ## - SYSTEM CONTROL NUMBER | |
| System control number | B-361861-867 |
| 037 ## - SOURCE OF ACQUISITION | |
| Source of stock number/acquisition | DBAD / PUB |
| 037 ## - SOURCE OF ACQUISITION | |
| Source of stock number/acquisition | Uppal Book Store |
| 040 ## - CATALOGING SOURCE | |
| Original cataloging agency | dpl |
| Language of cataloging | English |
| 082 ## - DEWEY DECIMAL CLASSIFICATION NUMBER | |
| Classification number | 809.819724 |
| 245 ## - TITLE STATEMENT | |
| Title | Southern postcolonialisms: |
| Statement of responsibility, etc | edited by Sumanyu Satpathy |
| Remainder of title | the global South and the 'New' literary representations / |
| 260 ## - PUBLICATION, DISTRIBUTION, ETC. (IMPRINT) | |
| Place of publication, distribution, etc | New Delhi |
| Name of publisher, distributor, etc | Routledge |
| Date of publication, distribution, etc | 2009 |
| 270 ## - ADDRESS | |
| Address | 912-915 Tolstoy House, 15-17 Tolstory Marg, |
| City | New Delhi |
| Postal code | 110001 |
| 300 ## - PHYSICAL DESCRIPTION | |
| Extent | xxxvii, 249p. |
| Dimensions | 23cm(Hb) |
| 500 ## - GENERAL NOTE | |
| General note | Includes index |
| 500 ## - GENERAL NOTE | |
| General note | "The present volume comprises essays selected from a major conference recently organized by the Department of English at the University of Delhi. Entitled ’Past the post? (New) literatures in English in a globalised world’ ..."--Introd. |
| 650 ## - SUBJECT ADDED ENTRY--TOPICAL TERM | |
| Topical term or geographic name as entry element | Commonwealth literature (English) |
| General subdivision | History and criticism |
| Form subdivision | Congresses. |
| 650 ## - SUBJECT ADDED ENTRY--TOPICAL TERM | |
| Topical term or geographic name as entry element | Postmodernism (Literature) |
| Geographic subdivision | Commonwealth countries |
| Form subdivision | Congresses. |
| 650 ## - SUBJECT ADDED ENTRY--TOPICAL TERM | |
| Topical term or geographic name as entry element | Postcolonialism |
| Geographic subdivision | Commonwealth countries |
| Form subdivision | Congresses. |
| 650 ## - SUBJECT ADDED ENTRY--TOPICAL TERM | |
| Topical term or geographic name as entry element | Postcolonialism in literature |
| Form subdivision | Congresses. |
| 650 ## - SUBJECT ADDED ENTRY--TOPICAL TERM | |
| Topical term or geographic name as entry element | Literature and society |
| Geographic subdivision | Commonwealth countries |
| Form subdivision | Congresses. |
| 700 ## - ADDED ENTRY--PERSONAL NAME | |
| Personal name | Satpathy, Sumanyu |
| 942 ## - ADDED ENTRY ELEMENTS (KOHA) | |
| Source of classification or shelving scheme | Dewey Decimal Classification |
| Item type | English Books |
| Call number suffix | SOU |
| Classification part | 809.819724 |
| Withdrawn status | Lost status | Source of classification or shelving scheme | Damaged status | Not for loan | Collection code | Home library | Current library | Date acquired | Source of acquisition | Cost, normal purchase price | Total Checkouts | Full call number | Barcode | Date last seen | Copy number | Cost, replacement price | Koha item type | Total Renewals |
|---|---|---|---|---|---|---|---|---|---|---|---|---|---|---|---|---|---|---|
| Dewey Decimal Classification | Central Library | Central Library | 08/03/2010 | Uppal Book Store9020/30.1.09/138/16.10.09/30.10.09 | 650.00 | 809.819724 SOU | B-361861 | 08/03/2010 | 1 | 650.00 | English Books | |||||||
| Dewey Decimal Classification | Not For Loan | Non-fiction | D.B.Act.Division | D.B.Act.Division | 22/06/2009 | DBAD / PUB | 650.00 | 809.819724 SOU | EN-77700 | 22/06/2009 | 1 | 650.00 | English Books | |||||
| Dewey Decimal Classification | Janak Puri | Janak Puri | 08/03/2010 | Uppal Book Store9020/30.1.09/138/16.10.09/30.10.09 | 650.00 | 1 | 809.819724 SOU | B-361863 | 10/07/2010 | 1 | 650.00 | English Books | ||||||
| Dewey Decimal Classification | Karol Bagh | Karol Bagh | 08/03/2010 | Uppal Book Store9020/30.1.09/138/16.10.09/30.10.09 | 650.00 | 809.819724 SOU | B-361866 | 08/03/2010 | 1 | 650.00 | English Books | |||||||
| Dewey Decimal Classification | Patel Nagar | Patel Nagar | 08/03/2010 | Uppal Book Store9020/30.1.09/138/16.10.09/30.10.09 | 650.00 | 809.819724 SOU | B-361862 | 08/03/2010 | 1 | 650.00 | English Books | |||||||
| Dewey Decimal Classification | Sarojini Nagar | Sarojini Nagar | 08/03/2010 | Uppal Book Store9020/30.1.09/138/16.10.09/30.10.09 | 650.00 | 1 | 809.819724 SOU | B-361864 | 16/08/2019 | 1 | 650.00 | English Books | 1 | |||||
| Dewey Decimal Classification | Shahdara Branch | Shahdara Branch | 08/03/2010 | Uppal Book Store9020/30.1.09/138/16.10.09/30.10.09 | 650.00 | 3 | 809.819724 SOU | B-361867 | 15/02/2022 | 1 | 650.00 | English Books | 2 | |||||
| Dewey Decimal Classification | Vinoba Puri | Vinoba Puri | 08/03/2010 | Uppal Book Store9020/30.1.09/138/16.10.09/30.10.09 | 650.00 | 809.819724 SOU | B-361865 | 08/03/2010 | 1 | 650.00 | English Books |
